5 największych wysp na oceanie spokojnym - Statystyki

Ogólne statystyki
  • Ten quiz został rozwiązany 16 razy
  • Średni wynik to 4 z 5
Statystyki odpowiedzi
Państwo Wyspa % Poprawnych
Pap-now gwinea,Indonezja Nowa gwinea
93%
Indonezja,brunei,Malezja Borneo
86%
Japonia Honsiu
86%
Indonezja Sumatra
64%
Indonezja Celebes
57%
Nie znaleziono quizów pasujących do podanych kryteriów
Rozkład punktacji
Procent ludzi z każdym wynikiem
Percentyl według liczby udzielonych odpowiedzi
Twoja historia wyników
Nie rozwiązałeś tego quizu